00287nam a2200121Ia 45000030006000000080041000060400015000471000017000622450040000792600017001195460012001360050017001480STCL150530s9999 xx 000 0 und d aSTCLcSTCL aBina Agarwal aMechanization in Indian agriculture bAlliedc1983 aEnglish20220125165555.0